|
|
|
|
| LEADER |
01214nam a2200229 i 4500 |
| 003 |
GR-PaULI |
| 005 |
20240220084057.0 |
| 008 |
200903s1990 gr |||g |||| 000 0 gre d |
| 040 |
|
|
|a GR-PaULI
|b gre
|c GR-PaULI
|e AACR2
|
| 082 |
0 |
4 |
|2 23
|a 489.3
|
| 100 |
1 |
|
|9 26032
|a Χριστιανόπουλος, Ντίνος,
|d 1931-2020
|e συγγραφέας.
|
| 245 |
1 |
3 |
|a Τα αλαμπουρνέζικα, ή, Η γλώσσα των σημερινών κουλτουριάρηδων /
|c Ντίνος Χριστιανόπουλος.
|
| 260 |
|
|
|a Θεσσαλονίκη :
|b Τα Τραμάκια,
|c 1990.
|
| 300 |
|
|
|a 30 σ. ;
|c 17 εκ.
|
| 490 |
1 |
|
|a Ελληνική λογοτεχνία / Τραμ ;
|v 1
|
| 650 |
|
4 |
|9 174194
|a Ελληνική γλώσσα, Νέα
|x Ιδιώματα
|
| 650 |
|
4 |
|9 92900
|a Ελληνική γλώσσα, Νέα
|x Συνθηματικές γλώσσες
|
| 830 |
|
0 |
|9 161115
|a Ελληνική λογοτεχνία (Τραμ)
|v 1.
|
| 942 |
|
|
|2 ddc
|c BKN
|
| 952 |
|
|
|0 0
|1 0
|2 ddc
|4 0
|6 489_300000000000000_ΧΡΙ
|7 0
|9 243043
|a LISP
|b LISP
|c DON
|d 2020-09-03
|e ΠΑΤ
|i 145891
|l 0
|o 489.3 ΧΡΙ
|p 025000272140
|r 2020-09-03 00:00:00
|t 1
|v 2020.00
|w 2020-09-03
|y BKN
|
| 998 |
|
|
|c ΒΑΣΙΛΕΙΟΥ
|d 2020-09
|
| 999 |
|
|
|c 146657
|d 146657
|